000 00922cam a22003255i 4500
001 23785673
005 20250423172726.0
008 240717s2024 mau 000 0 eng
010 _a 2024942635
020 _a9783111581392
020 _z9783111581729
020 _z9783111582030
041 _aeng
042 _apcc
082 _a303.34 GOB
100 1 _aGobillot, Emmanuel,
245 1 4 _aThe Connected Leader: Creating Agile Organisations for People and Performance
250 _a1st
260 _aBoston
_bDe Gruyter
_c2025
263 _a2412
264 1 _aBoston :
_bDe Gruyter,
_c2024.
300 _a199;. pages: 24 cm
336 _atext
_btxt
_2rdacontent
337 _aunmediated
_bn
_2rdamedia
338 _avolume
_bnc
_2rdacarrier
650 _aLeadership; Self-Actualisation (Psychology)
906 _a0
_bibc
_corignew
_d2
_eepcn
_f20
_gy-gencatlg
942 _cBK
999 _c43526
_d43526